F1 2022 Grid - Statistics

General Stats
  • This quiz has been taken 1,387 times
  • The average score is 19 of 20
Answer Stats
Team Number Nationality Answer % Correct
Red Bull 33 Netherlands Max Verstappen
100%
Mercedes 44 Uk Lewis Hamilton
99%
Red Bull 11 Mexico Sergio Perez
99%
Ferrari 55 Spain Carlos Sainz
98%
McLaren 4 Uk Lando Norris
98%
Ferrari 16 Monaco Charles Leclerc
97%
Aston Martin 18 Canada Lance Stroll
96%
Alpine 14 Spain Fernando Alonso
95%
Mercedes 63 Uk George Russell
95%
Alpha Tauri 10 France Pierre Gasly
95%
Alpha Tauri 22 Japan Yuki Tsunoda
95%
McLaren 3 Australia Daniel Ricciardo
94%
Alpine 31 France Esteban Ocon
93%
Aston Martin 5 Germany Sebastian Vettel
93%
Williams 23 Thailand Alex Albon
92%
Alfa Romeo 77 Finland Valterri Bottas
92%
Alfa Romeo China Guanyu Zhou
90%
Williams 6 Canada Nicholas Latifi
84%
HAAS 47 Germany Mick Schumacher
83%
HAAS 9 Russia Nikita Mazepin
80%
No matching quizzes found
Score Distribution
Percent of People with Each Score
Percentile by Number Answered
Your Score History
You have not taken this quiz